| 000 | 03532cam a2200481 i 4500 | ||
|---|---|---|---|
| 001 | 933586700 | ||
| 003 | OCoLC | ||
| 005 | 20210419122457.0 | ||
| 008 | 151224s2017 nyuac b 001 0 eng | ||
| 010 | _a 2015050960 | ||
| 016 | 7 |
_a101674267 _2DNLM |
|
| 020 | _a9780815345053 (pbk.) | ||
| 020 | _a0815345054 (pbk.) | ||
| 020 | _z9780815345510 (pbk.-ROW) | ||
| 020 | _z9780815345503 (looseleaf) | ||
| 035 |
_a(OCoLC)933586700 _z(OCoLC)946692073 |
||
| 040 |
_aNLM _beng _erda _cNLM _dDLC _dYDXCP _dIXA _dHF9 _dVAM _dHEBIS _dCUV _dYDX _dCUV |
||
| 041 | _aeng | ||
| 042 | _apcc | ||
| 049 | _aYYEA | ||
| 080 |
_a616-097 _bM-96 |
||
| 096 | _aQW 504 J33 2017 | ||
| 100 |
_9302 _aMurphy, Kenneth |
||
| 245 | 0 | 0 |
_aJaneway's immunobiology / _cKenneth Murphy, Casey Weaver ; with contributions by Allan Mowat, Leslie Berg, David Chaplin ; with acknowledgment to Charles A. Janeway Jr., Paul Travers, Mark Walport. |
| 246 | 3 | 0 | _aImmunobiology. |
| 250 | _a9th ed. | ||
| 260 |
_aNew York, NY : _bGarland Science/Taylor & Francis Group, LLC, _c[2017] |
||
| 300 |
_axx, 904 pages : _billustrations, portrait ; _c28 cm. |
||
| 504 | _aIncludes bibliographical references and index. | ||
| 505 | 0 | _aPart I: An Introduction to Immunobiology and Innate Immunity -- Chapter 1: Basic Concepts in Immunology -- Chapter 2: Innate Immunity: The First Lines of Defense -- Chapter 3: The Induced Responses of Innate Immunity -- Part II: The Recognition of Antigen -- Chapter 4: Antigen Recognition by B-cell and T-cell Receptors -- Chapter 5: The Generation of Lymphocyte Antigen Receptors -- Chapter 6: Antigen Presentation to T Lymphocytes -- Part III: The Development of Mature Lymphocyte Receptor Repertoires -- Chapter 7: Lymphocyte Receptor Signaling -- Chapter 8: The Development and of B and T Lymphocytes -- Part IV: The Adaptive Immune Response -- Chapter 9: T Cell-Mediated Immunity -- Chapter 10: The Humoral Immune Response -- Chapter 11: Integrated Dynamics of Innate and Adaptive Immunity -- Chapter 12: The Mucosal Immune System -- Part V: The Immune System in Health and Disease -- Chapter 13: Failures of Host Defense Mechanisms -- Chapter 14: Allergy and Allergic Diseases -- Chapter 15: Autoimmunity and Transplantation -- Chapter 16: Manipulation of the Immune Response. | |
| 520 | _aJaneway's Immunobiology is a textbook for students studying immunology at the undergraduate, graduate, and medical school levels. As an introductory text, students will appreciate the book's clear writing and informative illustrations, while advanced students and working immunologists will value its comprehensive scope and depth. Janeway's Immunobiology presents immunology from a consistent point of view throughout--that of the host's interaction with an environment full of microbes and pathogens. The Ninth Edition has been thoroughly revised bringing the content up-to-date with significant developments in the field, especially on the topic of innate immunity, and improving the presentation of topics across chapters for better continuity. -- Provided by publisher. | ||
| 590 | _ac.1 & c.2 10070680 YBP 10/14/16 $81.59 each. | ||
| 650 | 2 |
_aImmune System _xphysiology. |
|
| 650 | 2 |
_aImmune System _xphysiopathology. |
|
| 650 | 2 | _aImmunity. | |
| 650 | 2 | _aImmunotherapy. | |
| 653 | _aიმუნოლოგია | ||
| 653 | _aიმუნური სისტემა | ||
| 653 | _aიმუნოთერაპია | ||
| 700 | 1 |
_aMurphy, Kenneth _q(Kenneth M.) |
|
| 700 | 1 | _aWeaver, Casey. | |
| 942 |
_2udc _cBK _e9 |
||
| 999 |
_c401 _d401 |
||